| 000 | 00918nas a2200289 4500 | ||
|---|---|---|---|
| 001 | BR9500619 | ||
| 003 | BR-BrBNA | ||
| 005 | 20231205094237.0 | ||
| 007 | ta | ||
| 008 | 230509b bl.|||p| |||| 00| 00por d | ||
| 040 |
_aBR-BrBNA _bpor _cBiblioteca Nacional de Agricultura |
||
| 041 | _a(Pt) | ||
| 072 | _aQ02 | ||
| 100 | 1 | _aFonseca, L.M. | |
| 100 | 1 | _aSilva, T.J.P. | |
| 100 | 1 | _aRodrigues, R. | |
| 100 | 1 | _aSampaio, I.B.M. | |
| 100 | 1 | _aCerqueira, M.M.O.P. | |
| 245 | 1 | _aEfeitos da pasteurizacao e da esterilizacao sobre o indice crioscopico do leite, medido nas escalas Hortvet e Celsius | |
| 650 | _aLeite | ||
| 650 | _aCrioscopia | ||
| 650 | _aPasteurizacao | ||
| 650 | _aEsterilizacao | ||
| 773 | 0 |
_tArquivo Brasileiro de Medicina Veterinaria e Zootecnia (Brazil) _xISSN 0102-0935 _g(Oct 1993), v. 45(5) p. 519-530 _wBR9500619 |
|
| 909 |
_a202311 _bLúcia _c55 _dLúcia Elande |
||
| 942 |
_2AGRIS _n0 _cANA |
||
| 999 |
_c143046 _d143046 |
||